| 000 | 00000nam##2200000za#4500 |
| 001 | 9.624244 |
| 003 | CaOODSP |
| 005 | 20200327180202 |
| 007 | ta |
| 008 | 150406|1996||||xxc||||| f|0| 0 fre|d |
| 040 | |aCaOODSP|bfre |
| 043 | |an-cn--- |
| 086 | 1 |aFs97-6/2117F |
| 110 | 1 |aCanada. |bMinistère des pêches et des océans. |
| 245 | 10|aEstimation d'un indice d'abondance de la population de bélugas du Saint-Laurent en 1995 / |cpar Michael C. S. Kingsley. |
| 260 | |aOttawa - Ontario : |bPêches et Océans Canada |c1996. |
| 300 | |a42p. : |bgraphiques, tableaux ; |c28 cm. |
| 490 | 1 |aRapport technique canadien des sciences halieutiques et aquatiques|v2117 |
| 500 | |aPréparé à la Division des poissons et mammifères marins, Pêches et Océans Canada, Institut Maurice-Lamontagne, P. O. Box 1000, 850 route de la Mer, Mont-Joli (Québec) G5H 3Z4 |
| 546 | |aAbstracts in English |
| 563 | |aCouverture souple |
| 590 | |a97-08|b1997-02-21 |
| 720 | 1 |aKingsley, Michael C. S. |
| 776 | 0#|tEstimation d'un indice d'abondance de la population de bélugas du Saint-Laurent en 1995 / |w(CaOODSP)9.604025 |
| 830 | #0|aRapport technique canadien des sciences halieutiques et aquatiques ;|v2117|w(CaOODSP)9.513051 |